000
00300 a2200109 4500
001
ART_46587
005
20260410161827.0
008
260409a
245
1
0
_a
Retorno a las bases
100
1
_a
Fulponi, Juan Ignacio
773
0
_t
FACES
_g
- Año 22, Nº 47 (jul./dic. 2016)
_w
REV5046
999
_c
22888
_d
22888